Detalles MARC
| 000 -CABECERA |
| campo de control de longitud fija |
02345nam a2200313 i 4500 |
| 003 - IDENTIFICADOR DEL NÚMERO DE CONTROL |
| campo de control |
DO-SdBNP |
| 005 - FECHA Y HORA DE LA ÚLTIMA TRANSACCIÓN |
| campo de control |
20250709075849.0 |
| 007 - CAMPO FIJO DE DESCRIPCIÓN FÍSICA--INFORMACIÓN GENERAL |
| campo de control de longitud fija |
ta |
| 008 - DATOS DE LONGITUD FIJA--INFORMACIÓN GENERAL |
| campo de control de longitud fija |
250704s2010 dr o r 000 0 spa d |
| 020 ## - NÚMERO INTERNACIONAL ESTÁNDAR DEL LIBRO |
| Número Internacional Estándar del Libro |
9789945876208 |
| 040 ## - FUENTE DE LA CATALOGACIÓN |
| Centro catalogador/agencia de origen |
DO-SdBNP |
| Lengua de catalogación |
spa |
| Centro/agencia transcriptor |
BNPHU |
| Normas de descripción |
rda |
| 082 #4 - NÚMERO DE LA CLASIFICACIÓN DECIMAL DEWEY |
| Número de clasificación |
xxx |
| Número de documento/Ítem |
C198 |
| Número de edición |
22 |
| 245 10 - MENCIÓN DE TÍTULO |
| Título |
Campos de golf de la República Dominicana / |
| Mención de responsabilidad, etc. |
edición, Carlos Lizarazo ; fotografías, Ricardo Rojas ; diseño, Rosanna Carolina Disla Eli |
| 264 #1 - PRODUCCIÓN, PUBLICACIÓN, DISTRIBUCIÓN, FABRICACIÓN Y COPYRIGHT |
| Producción, publicación, distribución, fabricación y copyright |
Santo Domingo : |
| Nombre del de productor, editor, distribuidor, fabricante |
Casa editorial, |
| Fecha de producción, publicación, distribución, fabricación o copyright |
2010. |
| 300 ## - DESCRIPCIÓN FÍSICA |
| Extensión |
208 páginas : |
| Otras características físicas |
fotografías ; |
| Dimensiones |
24 cm. |
| 336 ## - TIPO DE CONTENIDO |
| Término de tipo de contenido |
texto |
| Código de tipo de contenido |
txt |
| Fuente |
rdacontent |
| 337 ## - TIPO DE MEDIO |
| Nombre/término del tipo de medio |
sin mediación |
| Código del tipo de medio |
n |
| Fuente |
rdamedia |
| 338 ## - TIPO DE SOPORTE |
| Nombre/término del tipo de soporte |
volumen |
| Código del tipo de soporte |
nc |
| Fuente |
rdacarrier |
| 500 ## - NOTA GENERAL |
| Nota general |
Incluye datos biográficos del editor, fotógrafo y diseño en la solapa de la contracubierta |
| 520 ## - SUMARIO, ETC. |
| Sumario, etc. |
La República Dominicana es reconocida como un destino líder para el golf en el Caribe, albergando numerosos campos de golf de renombre. Un libro importante sobre este tema es "Campos de golf de la República Dominicana" de Carlos Lizarazo, publicado por Imagenes Casa Editorial en 2010. Este libro, presentado por la Biblioteca Nacional Pedro Henríquez Ureña, destaca la obra de prestigiosos diseñadores de campos en la isla. <br/>Algunos de los campos de golf más destacados en la República Dominicana, mencionados en diversas fuentes, incluyen:<br/>Casa de Campo Resort & Villas (La Romana):<br/>Hogar de Teeth of the Dog (considerado uno de los mejores del Caribe), Dye Fore y The Links, todos diseñados por Pete Dye. <br/>Punta Cana:<br/>Alberga el Punta Espada Golf Club (diseñado por Jack Nicklaus), Corales Golf Course (donde se celebra el PGA Tour) y Hard Rock Golf Club Cana Bay. También se encuentra La Cana Golf Club. <br/>Otros campos notables:<br/>Playa Grande Golf & Ocean Club, Punta Blanca Golf Course, Iberostate Bavaro Golf & Club y Barcelo Lakes Golf Course. <br/>La República Dominicana ofrece una gran variedad de campos con impresionantes vistas, ya sea al mar Caribe o a paisajes interiores. |
| 590 ## - NOTA LOCAL (RLIN) |
| Nota local |
Inventariado, 2025/ YL |
| 650 #7 - PUNTO DE ACCESO ADICIONAL DE MATERIA--TÉRMINO DE MATERIA |
| Término de materia o nombre geográfico como elemento de entrada |
Campos de golf |
| 9 (RLIN) |
88243 |
| 650 #7 - PUNTO DE ACCESO ADICIONAL DE MATERIA--TÉRMINO DE MATERIA |
| Término de materia o nombre geográfico como elemento de entrada |
Diseño sostenible |
| 9 (RLIN) |
88244 |
| 700 1# - PUNTO DE ACCESO ADICIONAL--NOMBRE DE PERSONA |
| Nombre de persona |
Lizarazo, Carlos |
| Término indicativo de función/relación |
edición |
| Código de función/relación |
ed. |
| 9 (RLIN) |
88245 |
| 700 1# - PUNTO DE ACCESO ADICIONAL--NOMBRE DE PERSONA |
| Nombre de persona |
Rojas, Ricardo |
| Término indicativo de función/relación |
fotografías |
| Código de función/relación |
fo. |
| 9 (RLIN) |
88246 |
| 700 1# - PUNTO DE ACCESO ADICIONAL--NOMBRE DE PERSONA |
| Nombre de persona |
Disla Eli, Rosanna Carolina |
| Término indicativo de función/relación |
diseño |
| Código de función/relación |
di. |
| 9 (RLIN) |
88247 |
| 910 ## - DATOS DE OPCIÓN DEL USUARIO (OCLC) |
| Datos de opción del usuario |
YLockward |
| 942 ## - ELEMENTOS DE PUNTO DE ACCESO ADICIONAL (KOHA) |
| Fuente del sistema de clasificación o colocación |
Dewey Decimal Classification |
| Tipo de ítem Koha |
Libro |